Sports Quiz

Random Sports or Basketball Quiz

NBA Top Scorers by Decade Quiz Stats

 Plays Quiz Updated Apr 20, 2018

Challenge
Share
Tweet
Embed
Score 0/70 Timer 10:00
7 Plays Today
% Correct
LeBron James
96.8%
Kobe Bryant
96.7%
Michael Jordan
96.2%
Stephen Curry
94.9%
Kevin Durant
94.7%
Jerry West
92.7%
Carmelo Anthony
91.9%
Dirk Nowitzki
91.1%
Karl Malone
91%
Allen Iverson
90.7%
Russell Westbrook
90.6%
Moses Malone
90.6%
Paul Pierce
90%
Tim Duncan
89.7%
Shaquille O'Neal
89.3%
James Harden
88.5%
Kevin Garnett
88.4%
Larry Bird
87.5%
Blake Griffin
86.8%
Scottie Pippen
86.4%
DeMar DeRozan
85.3%
Wilt Chamberlain
85%
David Robinson
82.7%
Kareem Abdul-Jabbar
81.8%
Patrick Ewing
81.8%
Reggie Miller
81.6%
Hakeem Olajuwon
80.6%
Ray Allen
76.4%
Vince Carter
74.7%
LaMarcus Aldridge
72.8%
Tracy McGrady
69.9%
Oscar Robertson
68.3%
Dominique Wilkins
67.6%
Isiah Thomas
66.8%
Kevin McHale
63.4%
% Correct
DeMarcus Cousins
60.1%
Bob Cousy
58.2%
Alex English
57.6%
John Havlicek
56.3%
Elgin Baylor
55.9%
John Havlicek
55.6%
Sam Jones
48.7%
Bob Pettit
46.8%
Pete Maravich
44.3%
Antawn Jamison
44.1%
Elvin Hayes
42.8%
Mitch Richmond
40.7%
Adrian Dantley
40.2%
Bob McAdoo
40%
Glen Rice
37.8%
Dolph Schayes
29.8%
Mark Aguirre
28.6%
Randy Smith
26.4%
Bob Lanier
25.3%
Tom Chambers
23.7%
Jo Jo White
23.6%
Hal Greer
22%
Paul Arizin
20.6%
Calvin Murphy
17%
Walt Bellamy
15.9%
Bill Sharman
15.7%
Reggie Theus
12.2%
Bob Dandridge
10.8%
George Yardley
10%
Neil Johnston
8.4%
Ed Macauley
7%
Vern Mikkelsen
6.5%
Bailey Howell
4.8%
Bob Boozer
4.1%
Larry Foust
2.5%

You're not logged in!

Compare scores with friends on all Sporcle quizzes.
OR
Log In

You Might Also Like...

Show Comments

Extras

Top Quizzes Today


Score Distribution

Your Account Isn't Verified!

In order to create a playlist on Sporcle, you need to verify the email address you used during registration. Go to your Sporcle Settings to finish the process.

Report this User

Report this user for behavior that violates our Community Guidelines.

Details: